<?xml version="1.0" encoding="UTF-8"?>
<record
    xmlns:xsi="http://www.w3.org/2001/XMLSchema-instance"
    xsi:schemaLocation="http://www.loc.gov/MARC21/slim http://www.loc.gov/standards/marcxml/schema/MARC21slim.xsd"
    xmlns="http://www.loc.gov/MARC21/slim">

  <leader>03029nam a2200373 a 4500</leader>
  <controlfield tag="003">OSt</controlfield>
  <controlfield tag="005">20240814143310.0</controlfield>
  <controlfield tag="007">cr ||||||a|c|a</controlfield>
  <controlfield tag="008">240814s2024    mx a|||fom||| 001 0 spa d</controlfield>
  <datafield tag="040" ind1=" " ind2=" ">
    <subfield code="e">rda</subfield>
  </datafield>
  <datafield tag="100" ind1="1" ind2=" ">
    <subfield code="a">Ch&#xE1;vez Salinas, Nora</subfield>
    <subfield code="9">189415</subfield>
  </datafield>
  <datafield tag="245" ind1="1" ind2="0">
    <subfield code="a">Impacto ambiental de tres m&#xE9;todos de resinaci&#xF3;n, en Santiago Textitl&#xE1;n, Oaxaca /</subfield>
    <subfield code="c">por Nora Ch&#xE1;vez Salinas; director de tesis J. Carmen Ayala Sosa; secretario Mar&#xED;a Amparo M&#xE1;xima Borja de la Rosa; vocal Jes&#xFA;s Manuel Cabrera Delgado ; suplente David Garc&#xED;a C&#xED;ntora; suplente David Mohedano Caballero.</subfield>
  </datafield>
  <datafield tag="264" ind1=" " ind2="1">
    <subfield code="a">Chapingo, M&#xE9;xico :</subfield>
    <subfield code="b">El autor,</subfield>
    <subfield code="c">2024.</subfield>
  </datafield>
  <datafield tag="300" ind1=" " ind2=" ">
    <subfield code="a">1 recurso en l&#xED;nea ( 73 p&#xE1;ginas):</subfield>
    <subfield code="b">cuadros, figuras, tablas.</subfield>
  </datafield>
  <datafield tag="336" ind1=" " ind2=" ">
    <subfield code="2">rdacontent</subfield>
    <subfield code="a">texto</subfield>
    <subfield code="b">txt</subfield>
  </datafield>
  <datafield tag="337" ind1=" " ind2=" ">
    <subfield code="2">rdamedia</subfield>
    <subfield code="a">computadora</subfield>
    <subfield code="b">c</subfield>
  </datafield>
  <datafield tag="338" ind1=" " ind2=" ">
    <subfield code="2">rdacarrier</subfield>
    <subfield code="a">recurso en l&#xED;nea</subfield>
    <subfield code="b">cr</subfield>
  </datafield>
  <datafield tag="502" ind1=" " ind2=" ">
    <subfield code="b">IF</subfield>
    <subfield code="c">DICIFO</subfield>
    <subfield code="d">2024.</subfield>
    <subfield code="g">LIC</subfield>
  </datafield>
  <datafield tag="504" ind1=" " ind2=" ">
    <subfield code="a">Incluye referencias bibliogr&#xE1;ficas: p&#xE1;ginas 53-54.</subfield>
  </datafield>
  <datafield tag="520" ind1=" " ind2=" ">
    <subfield code="a">En la comunidad de Buena Vista, municipio Santiago Textitl&#xE1;n, estado de Oaxaca se realiz&#xF3; la aplicaci&#xF3;n de tres m&#xE9;todos de resinaci&#xF3;n con el objetivo de evaluar el impacto ambiental generado por la aplicaci&#xF3;n de estimulantes qu&#xED;micos. Los m&#xE9;todos empleados fueron el Franc&#xE9;s como m&#xE9;todo testigo, Borehole y Pica de Corteza. Los resultados del an&#xE1;lisis de la producci&#xF3;n en cada uno de los m&#xE9;todos es que de los tres m&#xE9;todos el mejor para ser aplicado en la zona de la comunidad de Buena Vista es el Pica de Corteza que tuvo una producci&#xF3;n promedio de 3.14 Kg por &#xE1;rbol en un tiempo de aprovechamiento de 352 d&#xED;as. De la evaluaci&#xF3;n del impacto ambiental las actividades que m&#xE1;s impactan al aplicar el m&#xE9;todo es la aplicaci&#xF3;n del estimulante y el descortezado, sobre todas las otras actividades que implica el m&#xE9;todo Pica de Corteza, actividades que son reversibles a mediano plazo. Con el paso de los d&#xED;as, el &#xE1;rbol al que se le aplic&#xF3; estimulante qu&#xED;mico no muestra cambios f&#xED;sicos de un impacto mayor; la MAPIA (M&#xE1;xima &#xC1;rea de Posible Impacto Ambiental) no muestra un &#xE1;rea de impacto mayor al 1% del total del &#xE1;rea intervenida y en esta &#xE1;rea el pH no se ve afectado por la aplicaci&#xF3;n del estimulante y los qu&#xED;micos que puedan desprenderse de este y caer al suelo.</subfield>
  </datafield>
  <datafield tag="650" ind1=" " ind2="4">
    <subfield code="a">Arboles</subfield>
    <subfield code="x">Regeneraci&#xF3;n</subfield>
    <subfield code="9">6642</subfield>
  </datafield>
  <datafield tag="650" ind1=" " ind2="4">
    <subfield code="a">Arboles</subfield>
    <subfield code="x">Crecimiento</subfield>
    <subfield code="9">6583</subfield>
  </datafield>
  <datafield tag="650" ind1=" " ind2="4">
    <subfield code="a">Productos qu&#xED;micos</subfield>
    <subfield code="x">Evaluaci&#xF3;n</subfield>
    <subfield code="9">125601</subfield>
  </datafield>
  <datafield tag="650" ind1=" " ind2="4">
    <subfield code="a">Impacto ambiental</subfield>
    <subfield code="x">Evaluaci&#xF3;n</subfield>
    <subfield code="9">131414</subfield>
  </datafield>
  <datafield tag="650" ind1=" " ind2="4">
    <subfield code="a">Arboles</subfield>
    <subfield code="x">Efecto del medio ambiente</subfield>
    <subfield code="9">6595</subfield>
  </datafield>
  <datafield tag="650" ind1=" " ind2="4">
    <subfield code="a">Resinaci&#xF3;n</subfield>
    <subfield code="9">96122</subfield>
  </datafield>
  <datafield tag="700" ind1="1" ind2=" ">
    <subfield code="a">Ayala Sosa, J. Carmen</subfield>
    <subfield code="9">8980</subfield>
    <subfield code="e">Director de tesis.</subfield>
  </datafield>
  <datafield tag="700" ind1="1" ind2=" ">
    <subfield code="a">Borja de la Rosa, Mar&#xED;a Amparo M&#xE1;xima</subfield>
    <subfield code="9">13880</subfield>
    <subfield code="e">Secretario.</subfield>
  </datafield>
  <datafield tag="700" ind1="1" ind2=" ">
    <subfield code="a">Cabrera Delgado, Jes&#xFA;s Manuel</subfield>
    <subfield code="9">16657</subfield>
    <subfield code="e">Vocal.</subfield>
  </datafield>
  <datafield tag="700" ind1="1" ind2=" ">
    <subfield code="a">Garc&#xED;a C&#xED;ntora, David</subfield>
    <subfield code="9">45867</subfield>
    <subfield code="e">Suplente.</subfield>
  </datafield>
  <datafield tag="700" ind1="1" ind2=" ">
    <subfield code="a">Mohedano Caballero, Leopoldo</subfield>
    <subfield code="9">77285</subfield>
    <subfield code="e">Suplente.</subfield>
  </datafield>
  <datafield tag="856" ind1=" " ind2=" ">
    <subfield code="u">http://10.13.5.2/tesis/tl/1210430-1_CHAVEZ_SALINAS_NORA.pdf</subfield>
    <subfield code="z">DESCARGAR PDF</subfield>
  </datafield>
  <datafield tag="942" ind1=" " ind2=" ">
    <subfield code="2">Clasificaci&#xF3;n Universidad Aut&#xF3;noma Chapingo</subfield>
    <subfield code="c">TD</subfield>
  </datafield>
  <datafield tag="999" ind1=" " ind2=" ">
    <subfield code="c">220075</subfield>
    <subfield code="d">220075</subfield>
  </datafield>
  <datafield tag="952" ind1=" " ind2=" ">
    <subfield code="0">0</subfield>
    <subfield code="1">0</subfield>
    <subfield code="2">local</subfield>
    <subfield code="4">0</subfield>
    <subfield code="5">1</subfield>
    <subfield code="7">0</subfield>
    <subfield code="8">TesDigL</subfield>
    <subfield code="a">BD</subfield>
    <subfield code="b">BD</subfield>
    <subfield code="d">2024-08-14</subfield>
    <subfield code="l">0</subfield>
    <subfield code="o">Tesis digital</subfield>
    <subfield code="r">2024-08-14 12:57:49</subfield>
    <subfield code="w">2024-08-14</subfield>
    <subfield code="y">TD</subfield>
  </datafield>
</record>
